| 000 | 00914nam a2200205 a 4500 | ||
|---|---|---|---|
| 001 | 000041855 | ||
| 005 | 20201002035808.0 | ||
| 008 | 131018s2003 sp 000 0 spa d | ||
| 020 | _a8400081935 | ||
| 040 |
_aDO-SdBNP _bspa _cBNPHU |
||
| 082 |
_axxx _bS669p |
||
| 100 | 1 |
_aSánchez Martínez, Manuel _c1944- _968739 |
|
| 245 | 1 | 0 |
_aPagar al ey en la Corona de Aragón durante el siglo XIV : _bestudios sobre fiscalidad y finanzas reales y urbanas / _cManuel Sánchez Martínez. |
| 260 |
_aBarcelona : _bConsejo Superior de Investigaciones Científicas, Institución Milá y Fontanals, _c2003. |
||
| 300 |
_a582 p. : _bil. ; _c24 cm. |
||
| 490 | 1 |
_aAnuario de estudios medievales _aanejo _v50 |
|
| 500 | _aIncluye referencias bibliográficas y notas al pie de las páginas. | ||
| 710 | 2 |
_aConsejo Superior de Investigaciones Científicas (España) _915178 |
|
| 830 | 0 |
_aAnuario de estudios medievales _n50 _panejo _968740 |
|
| 999 |
_c41344 _d41344 |
||